000 00351nam a2200133Ia 4500
008 151213s9999 xx 000 0 und d
100 _aM. Shamsul Miah
245 _aThe Reign of Al - Mutawakkil
_cM. Shamsul Miah
260 _aDhaka
_bAsiatic Socitey
_c1969
300 _a7190 p.
650 _aReference
700 _aM. Shamsul Miah
999 _c3828
_d3828